000 01845nam a22002897a 4500
999 _c58440
_d58440
003 Ge_BSU
005 20220210130623.0
008 220210s2021 ge ||||| |||| 00| 0 geo d
020 _a9789941494536
041 _ageo
080 _a902/904 ბ-91
100 _aბრაგვაძე, ზურაბ
_912746
245 _aითხვისის ნაქალაქარი :
_b არქეოლოგიური ძიებანი /
_cზურაბ ბრაგვაძე, ქეთევან დიღმელაშვილი, დავით დარეჯანაშვილი ; რედაქტორი გურამ ყიფიანი ; კულტურული მემკვიდრეობის კვლევის ცენტრი არგვეთი.
264 _aთბილისი :
_bარტანუჯი,
_c2021.
300 _a57 გვ. :
_bილ. ;
_c24 სმ.
501 _aსაძიებელი: გვ. 46-47.
504 _aბიბლიოგრაფია: გვ. 36-41.
520 _aრეზიუმე ინგლისურ ენაზე.
653 _aარქეოლოგია
653 _aსაქართველოს კულტურული მემკვიდრეობა
653 _aითხვისის ნაქალაქარი
700 _aდიღმელაშვილი, ქეთევან
_eავტორი
_913512
700 _aდარეჯანაშვილი, დავით
_eავტორი
_913513
700 _aყიფიანი, გურამ
_eრედაქტორი
_913514
710 _aკულტურული მემკვიდრეობის კვლევის ცენტრი არგვეთი
_913515
942 _2udc
_cBK